Statistics for Funniest Movies of All Time (by memorable quotes)

Click here to take the quiz!

General Stats

  • This quiz has been taken 502 times
  • The average score is 7 of 23

Answer Stats

HintAnswer% Correct
“Can you fly this plane, and land it?” “Surely you can’t be serious.” “I am serious... and don’t call me Shirley.”Airplane!
77%
“Stay classy, San Diego.”Anchorman: The Legend of Ron Burgundy
66%
“We are the Knights who say... NI.”Monty Python and the Holy Grail
60%
“They’re not gonna catch us. We’re on a mission from God.”The Blues Brothers
54%
“Of course I peed my pants, everyone my age pees their pants. It’s the coolest.”Billy Madison
43%
“I got to get into this dude’s pelt and crawl around for a few days. Who’s the gopher’s ally? His friends? The harmless squirrel and the friendly rabbit.”Caddyshack
42%
“That rug really tied the room together.”The Big Lebowski
41%
“Who throws a shoe? Honestly!”Austin Powers: International Man of Mystery
38%
“Do not go in there. Woo!”Ace Ventura: Pet Detective
37%
“Hey, I guess they’re right. Senior citizens, although slow and dangerous behind the wheel, can still serve a purpose. I’ll be right back. Don’t you go dying on me!”Dumb & Dumber
37%
“Is it the frank or the beans?”There's Something About Mary
33%
“Vote for me and all your wildest dreams will come true.”Napoleon Dynamite
30%
“Well, what if there is no tomorrow? There wasn’t one today.”Groundhog Day
25%
“Fat, drunk, and stupid is no way to go through life, son.”Animal House
22%
“Ugh, I can actually hear you getting fatter.”Tommy Boy
22%
“I like to picture Jesus as a figure skater. He wears like a white outfit, and He does interpretive ice dances of my life’s journey.”Talladega Nights: The Ballad of Ricky Bobby
21%
“This is the cleanest and nicest police car I’ve ever been in in my life. This thing’s nicer than my apartment.”Beverly Hills Cop
17%
“Why aren’t we flying? Because getting there is half the fun. You know that.”Vacation
16%
“The last thing I want to be remembered as is an annoying blabbermouth.”Planes, Trains, and Automobiles
12%
“I once thought I had mono for an entire year. It turned out I was just really bored.”Wayne's World
10%
“What are you people? On dope?”Fast Times at Ridgemont High
9%
“I fit in better than you. At least I’m wearing cowboy boots.”My Cousin Vinny
6%
“For one dollar I’ll guess your weight, your height, or your sex.”The Jerk
6%

Score Distribution

Percentile by Number Answered

Percent of People with Each Score

Your Score History

You have not taken this quiz